Discurso leído por Félix Pizcueta y Gallel en la apertura del curso académico de 1881 a 1882. (Record no. 162220)
[ view plain ]
| 000 -LEADER | |
|---|---|
| campo de control de longitud fija | 01025nam a2200217 i 4500 |
| 001 - NÚMERO DE CONTROL | |
| campo de control | 162220 |
| 003 - IDENTIFICADOR DE NÚMERO DE CONTROL | |
| campo de control | ES-MaACL |
| 005 - FECHA Y HORA DE LA ÚLTIMA TRANSACCIÓN | |
| campo de control | 20250810225314.0 |
| 008 - DATOS DE LONGITUD FIJA--INFORMACIÓN GENERAL | |
| campo de control de longitud fija | 041103s1881 sp |||| | spa d |
| 100 1# - ENTRADA PRINCIPAL--NOMBRE DE PERSONA | |
| Nombre de persona | Pizcueta, Félix, |
| Fechas asociadas al nombre | 1837-1890 |
| 9 (RLIN) | 92456 |
| 245 10 - MENCIÓN DEL TÍTULO | |
| Título | Discurso leído por Félix Pizcueta y Gallel en la apertura del curso académico de 1881 a 1882. |
| 260 ## - PUBLICACIÓN, DISTRIBUCIÓN, ETC. | |
| Lugar de publicación, distribución, etc. | Valencia : |
| Nombre del editor, distribuidor, etc. | [s.n.], |
| Fecha de publicación, distribución, etc. | 1881 ( |
| Fabricante | Imp. de Manuel Alufre) |
| 300 ## - DESCRIPCIÓN FÍSICA | |
| Extensión | 23 p. ; |
| Dimensiones | 23 cm. |
| 594 ## - Nota al título y mención de responsabilidad | |
| Nota al título y mención de responsabilidad | Precede al tít.: Ateneo de Valencia. |
| 594 ## - Nota al título y mención de responsabilidad | |
| Nota al título y mención de responsabilidad | Tema del discurso: De la poesía y su importancia en la historia. |
| 650 #7 - PUNTO DE ACCESO ADICIONAL DE MATERIA--TÉRMINO DE MATERIA | |
| Término de materia o nombre geográfico como elemento de entrada | Poesía |
| Fuente del encabezamiento o término | embne |
| 9 (RLIN) | 16149 |
| 710 2# - ENTRADA AGREGADA--NOMBRE DE ENTIDAD CORPORATIVA | |
| Nombre de entidad corporativa o nombre de jurisdicción como elemento de entrada | Ateneo Científico-Literario de Valencia. |
| 9 (RLIN) | 170945 |
| 852 ## - LOCALIZACIÓN | |
| Ubicación | ES-MaACL |
| Número de control de estantería | T-378-F-3 |
| Nota libre | - Enc. hol. |
| condición física | - Falto de cub. original |
| Nota libre | - Enc. en un vol. facticio |
| -- | - Ejemplar repetido en este mismo tomo |
| 852 ## - LOCALIZACIÓN | |
| Ubicación | ES-MaACL |
| Número de control de estantería | T-378-F-27 |
| Nota libre | - Enc. hol. |
| condición física | - Falto de la cub. original |
| Nota libre | - Enc. en un vol. facticio |
| -- | - Ejemplar repetido en este mismo tomo |
| Estatus retirado | Estado de pérdida | Estado de daño | No para préstamo | Colección | Biblioteca de origen | Biblioteca actual | Ubicación en estantería | Fecha de adquisición | Total de préstamos | Signatura topográfica completa | Código de barras | Visto por última vez | Precio de reemplazo | Tipo de ítem Koha |
|---|---|---|---|---|---|---|---|---|---|---|---|---|---|---|
| Colección de folletos | Biblioteca del Ateneo de Madrid | Biblioteca del Ateneo de Madrid | Depósito folletos | 17/01/2008 | T-378-F-27 | 1169947 | 23/02/2023 | 23/02/2023 | Folleto | |||||
| Colección de folletos | Biblioteca del Ateneo de Madrid | Biblioteca del Ateneo de Madrid | Depósito folletos | 17/01/2008 | T-378-F-3 | 1169946 | 23/02/2023 | 23/02/2023 | Folleto |
